Europar Buranji: Pratham Khanda / (Record no. 36884)
[ view plain ]
| 000 -LEADER | |
|---|---|
| fixed length control field | 00744nam a2200289Ia 4500 |
| 001 - CONTROL NUMBER | |
| control field | 36902 |
| 005 - DATE AND TIME OF LATEST TRANSACTION | |
| control field | 20240114001913.0 |
| 007 - PHYSICAL DESCRIPTION FIXED FIELD--GENERAL INFORMATION | |
| fixed length control field | ta |
| 008 - FIXED-LENGTH DATA ELEMENTS--GENERAL INFORMATION | |
| fixed length control field | 080611s1974 a g b000 u asm u |
| 040 ## - CATALOGING SOURCE | |
| Original cataloging agency | Cotton College,Assam |
| 041 ## - LANGUAGE CODE | |
| Language code of text/sound track or separate title | asm |
| 082 ## - DEWEY DECIMAL CLASSIFICATION NUMBER | |
| Classification number | 940 |
| Item number | B 469 Ev |
| 100 ## - MAIN ENTRY--PERSONAL NAME | |
| Personal name | Bezbarua, Kokil. |
| 245 #0 - TITLE STATEMENT | |
| Title | Europar Buranji: Pratham Khanda / |
| Statement of responsibility, etc. | Kokil Bezbarua. |
| Medium | Textual Documents |
| 250 ## - EDITION STATEMENT | |
| Edition statement | 1st ed. / |
| 260 ## - PUBLICATION, DISTRIBUTION, ETC. | |
| Place of publication, distribution, etc. | Guwahati : |
| Name of publisher, distributor, etc. | Gauhati University , |
| Date of publication, distribution, etc. | 1974. |
| 300 ## - PHYSICAL DESCRIPTION | |
| Extent | 221p. : |
| Other physical details | ill ; |
| Dimensions | 22cm . |
| 653 ## - INDEX TERM--UNCONTROLLED | |
| Uncontrolled term | History-Europe |
| 653 ## - INDEX TERM--UNCONTROLLED | |
| Uncontrolled term | G-History |
| 653 ## - INDEX TERM--UNCONTROLLED | |
| Uncontrolled term | T/G-Europe History |
| 653 ## - INDEX TERM--UNCONTROLLED | |
| Uncontrolled term | T/G-History |
| 942 ## - ADDED ENTRY ELEMENTS (KOHA) | |
| Source of classification or shelving scheme | Dewey Decimal Classification |
| Koha item type | Books |
| Withdrawn status | Lost status | Damaged status | Not for loan | Collection | Home library | Current library | Date acquired | Coded location qualifier | Total checkouts | Full call number | Barcode | Date last seen | Copy number | Price effective from | Koha item type |
|---|---|---|---|---|---|---|---|---|---|---|---|---|---|---|---|
| Dr. Suryya Kumar Bhuyan Library | Dr. Suryya Kumar Bhuyan Library | 01/02/2012 | 00000 | 940 B 469 Ev | 71779 | 14/01/2024 | 3 | 01/02/2012 | Books | ||||||
| Dr. Suryya Kumar Bhuyan Library | Dr. Suryya Kumar Bhuyan Library | 01/02/2012 | 00000 | 940 B 469 Ev | 70643 | 14/01/2024 | 2 | 01/02/2012 | Books | ||||||
| Dr. Suryya Kumar Bhuyan Library | Dr. Suryya Kumar Bhuyan Library | 01/02/2012 | 00000 | 940 B 469 Ev | 71776 | 14/01/2024 | 1 | 01/02/2012 | Books |
